Aircraft electricity and electronics / (Record no. 87934)

MARC details
000 -LEADER
fixed length control field 00759nam a22002537a 4500
005 - DATE AND TIME OF LATEST TRANSACTION
control field 20140825124711.0
010 ## - LCCN (DPL NO)
LC control number ENG-110676
020 ## - INTERNATIONAL STANDARD BOOK NUMBER
International Standard Book Number 9789339204945
Terms of availability 995.00
020 ## - INTERNATIONAL STANDARD BOOK NUMBER
International Standard Book Number 9339204948
Terms of availability 995.00
035 ## - SYSTEM CONTROL NUMBER
System control number EN-94208
037 ## - SOURCE OF ACQUISITION
Source of stock number/acquisition DBAD/PUB
082 ## - DEWEY DECIMAL CLASSIFICATION NUMBER
Classification number 629.1354
100 ## - MAIN ENTRY--PERSONAL NAME
Personal name Eismin, Thomas K.
245 ## - TITLE STATEMENT
Title Aircraft electricity and electronics /
Statement of responsibility, etc by Thomas K. Eismin
250 ## - EDITION STATEMENT
Edition statement 6th ed
260 ## - PUBLICATION, DISTRIBUTION, ETC. (IMPRINT)
Place of publication, distribution, etc New Delhi
Name of publisher, distributor, etc McGraw Hill Education
Date of publication, distribution, etc 2014
270 ## - ADDRESS
Address P-24, Green Park Extn.
City New Delhi
Postal code 110016
300 ## - PHYSICAL DESCRIPTION
Extent xiii,491p.
Dimensions 28cm(pbk)
500 ## - GENERAL NOTE
General note Includes index
650 ## - SUBJECT ADDED ENTRY--TOPICAL TERM
Topical term or geographic name as entry element Airplanes
General subdivision Electric equipment.
650 ## - SUBJECT ADDED ENTRY--TOPICAL TERM
Topical term or geographic name as entry element Airplanes
General subdivision Electronic equipment.
650 ## - SUBJECT ADDED ENTRY--TOPICAL TERM
Topical term or geographic name as entry element Avionics.
942 ## - ADDED ENTRY ELEMENTS (KOHA)
Source of classification or shelving scheme Dewey Decimal Classification
Item type English Books
Call number suffix EIS
Classification part 629.1354
Holdings
Withdrawn status Lost status Not for loan Collection code Home library Current library Date acquired Source of acquisition Cost, normal purchase price Full call number Barcode Copy number Cost, replacement price Koha item type
    Not For Loan Non-fiction D.B.Act.Division D.B.Act.Division 21/08/2014 DBAD/PUB 995.00 629.1354 EIS EN-94208 1 995.00 English Books

© Delhi Public Library
Hit Counter
free hit counter